000 00840cas a22002415a 4500
001 L09553800
008 070703d19892004xxkqr p 0 a0eng
022 1 _a0955-3800
035 _a(Sirsi) u98930
041 0 _aeng
110 2 _aBuilding Societies Association
_91731
245 0 0 _aHousing Finance
260 _aLondon
_bBuilding Societies Association
_c1989-2004
362 0 _a(1) January 1989-(64) Winter 2004
520 _aFollowing the Winter 2004 issue, Housing Finance is published online only.
554 _aFour per year
651 4 _aUnited Kingdom
_y
690 _aPROPERTY-RESIDENTIAL PROPERTY-RESIDENTIAL PROPERTY FINANCE AND INVESTMENT
780 0 0 _tBSA Bulletin
856 _uhttps://www.cml.org.uk/cml/media/west/hfinace
_zView Housing Finance online at www.cml.org.uk...
942 _n0
948 _c19/09/1994
999 _c118588
_d118588